| 000 | 00760nam a2200205Ia 4500 | ||
|---|---|---|---|
| 005 | 20251020182541.0 | ||
| 008 | 200515s9999 xx 000 0 und d | ||
| 082 | _a741/G47/1986 | ||
| 100 | _aGIESECKE, Fredericke MITCHELL, Alva SEPENCER, Henry Cecil | ||
| 245 | 0 | _aDibujo para ingeniería | |
| 260 | _aMéxico, D.F. | ||
| 260 | _c1986 | ||
| 300 | _a820 | ||
| 500 | _a1 ejemplar | ||
| 520 | _aTiene por finalidad servir como libro de texto, y como libro de referencias, tanto respecto al dibujo técnico como a la geometría descriptiva. Contiene gran número de problemas relativos a todas y cada una de las fases de esta materia, constituye una unid | ||
| 650 | _aDIBUJO TECNICO | ||
| 650 | _aGEOMETRIA DESCRIPTIVA | ||
| 650 | _aLIB | ||
| 942 | _cLIB | ||
| 999 |
_c2406 _d2406 |
||